00421nam a2200145Ia 4500008004100000041000900041082001800050100002400068245001800092260003700110300000800147650000800155999001700163952009500180230718s9999 xx 000 0 und d aEng. a347.07bHUS-O aHussauan Mawo Galom 0aof Pleachings aPakistanblaw book brothesc2005 a105 aLaw c28963d28963 00104070aSIRC-LbSIRC-Ld2023-07-18l0o347.07 HUS-Op23914r2023-07-18w2023-07-18yBK